[Event "Mondariz Balneario op 9th"]
[Site "Mondariz"]
[Date "2009.12.29"]
[Round "6"]
[White "Martinho, Filipe Mesquita Alv"]
[Black "Rodriguez Boado, Martin"]
[Result "0-1"]
[WhiteElo "1969"]
[BlackElo "2165"]
[PlyCount "100"]
[EventDate "2009.12.26"]
[EventType "swiss"]
[EventRounds "7"]
[EventCountry "ESP"]
[SourceTitle "CBM 134 Extra"]
[Source "ChessBase"]
[SourceDate "2010.03.03"]
[SourceVersion "1"]
[SourceVersionDate "2010.03.03"]
[SourceQuality "1"]

1. e4 Nf6 2. e5 Nd5 3. d4 d6 4. Bc4 Nb6 5. Bb3 dxe5 6. Qh5 e6 7. dxe5 Nc6 8. Nf3 Nd4 9. Nxd4 Qxd4 10. Qe2 Bd7 11. 0-0 Be7 12. Rd1 Qh4 13. Nc3 0-0-0 14. Be3 Bc6 15. a4 Rxd1+ 16. Rxd1 Rd8 17. Ra1 a6 18. a5 Nd7 19. f4 Bc5 20. Rf1 Bb4 21. f5 Nxe5 22. Rf4 Qe7 23. Bd4 g5 24. fxg6 Nxg6 25. Rxf7 Qg5 26. Bxe6+ Kb8 27. Be3 Qxa5 28. Nd1 Qe5 29. Bg4 Rxd1+ 30. Qxd1 Qxe3+ 31. Kh1 Ne5 32. Rg7 Bd6 33. Rg8+ Ka7 34. Qg1 Qxg1+ 35. Kxg1 Be4 36. Bd1 Nc4 37. Rg4 Bd5 38. Rg5 Be4 39. Rg4 Bc5+ 40. Kh1 Bd5 41. Rg5 c6 42. Bf3 Bxf3 43. gxf3 Be3 44. Rh5 Nxb2 45. Rxh7 a5 46. Re7 Nc4 47. f4 a4 48. Rd7 a3 49. c3 Bd2 50. Rd4 a2 0-1

[Event "Mondariz Balneario op 9th"]
[Site "Mondariz"]
[Date "2009.12.26"]
[Round "1"]
[White "Movsziszian, Karen"]
[Black "Martinho, Filipe Mesquita Alv"]
[Result "1-0"]
[WhiteElo "2541"]
[BlackElo "1969"]
[PlyCount "69"]
[EventDate "2009.12.26"]
[EventType "swiss"]
[EventRounds "7"]
[EventCountry "ESP"]
[SourceTitle "CBM 134 Extra"]
[Source "ChessBase"]
[SourceDate "2010.03.03"]
[SourceVersion "1"]
[SourceVersionDate "2010.03.03"]
[SourceQuality "1"]

1. g3 Nf6 2. Bg2 g6 3. e4 d6 4. d4 Bg7 5. Ne2 0-0 6. Nbc3 c5 7. dxc5 dxc5 8. Qxd8 Rxd8 9. e5 Ng4 10. f4 Nc6 11. h3 Nh6 12. Be3 Nd4 13. 0-0-0 Nhf5 14. Bf2 h5 15. g4 hxg4 16. hxg4 Nh6 17. Nxd4 cxd4 18. Rxd4 Rxd4 19. Bxd4 Bxg4 20. Bxb7 Rd8 21. Bc5 Nf5 22. Rg1 Bh5 23. Be4 Rd7 24. Bxf5 gxf5 25. Bxe7 Bg4 26. Bc5 Bh6 27. Be3 Kh7 28. Ne4 Bg7 29. b4 Rc7 30. Kb2 Kh6 31. Kb3 Be2 32. Nd6 Bg4 33. c4 a6 34. a4 Bf8 35. b5 1-0

[Event "EU-ch U16 19th"]
[Site "Fermo"]
[Date "2009.09.06"]
[Round "6"]
[White "Martinho, Filipe Mesquita Alv"]
[Black "Orava, Aleksander"]
[Result "1-0"]
[WhiteElo "1973"]
[BlackElo "1762"]
[PlyCount "95"]
[EventDate "2009.08.31"]
[EventType "swiss"]
[EventRounds "9"]
[EventCountry "ITA"]
[SourceTitle "CBM 132 Extra"]
[Source "ChessBase"]
[SourceDate "2009.11.03"]
[SourceVersion "1"]
[SourceVersionDate "2009.11.03"]
[SourceQuality "1"]

1. e4 c5 2. Nf3 e6 3. d4 cxd4 4. Nxd4 Nc6 5. Nc3 Qc7 6. Nxc6 bxc6 7. Bd3 e5 8. 0-0 Nf6 9. f4 d6 10. Kh1 Be7 11. f5 Bb7 12. Qe1 Nd7 13. Qg3 Bf6 14. Nd1 h5 15. Be3 h4 16. Qh3 Ke7 17. Nf2 Rag8 18. Rad1 d5 19. c3 Ba8 20. Bc2 Rd8 21. Bb3 Nb6 22. Bc5+ Ke8 23. Rfe1 Be7 24. Be3 c5 25. exd5 Bxd5 26. Bxd5 Nxd5 27. Bc1 f6 28. Qg4 Kf8 29. h3 c4 30. Re4 Qc5 31. Qe2 Rc8 32. Ng4 Kf7 33. Be3 Nxe3 34. Nxe3 Qa5 35. a3 Rhd8 36. Rxh4 Bf8 37. Rxd8 Qxd8 38. Rxc4 Rxc4 39. Qxc4+ Ke8 40. Qe6+ Qe7 41. Nd5 Qxe6 42. fxe6 Bd6 43. b4 a5 44. c4 axb4 45. axb4 e4 46. Kg1 f5 47. c5 Be5 48. c6 1-0

[Event "EU-ch U16 19th"]
[Site "Fermo"]
[Date "2009.09.02"]
[Round "3"]
[White "Colon Garcia, Enrique"]
[Black "Martinho, Filipe Mesquita Alv"]
[Result "1-0"]
[WhiteElo "2173"]
[BlackElo "1973"]
[PlyCount "79"]
[EventDate "2009.08.31"]
[EventType "swiss"]
[EventRounds "9"]
[EventCountry "ITA"]
[SourceTitle "CBM 132 Extra"]
[Source "ChessBase"]
[SourceDate "2009.11.03"]
[SourceVersion "1"]
[SourceVersionDate "2009.11.03"]
[SourceQuality "1"]

1. e4 c5 2. Nf3 Nc6 3. d4 cxd4 4. Nxd4 g6 5. Nc3 Bg7 6. Be3 Nf6 7. Bc4 Qa5 8. 0-0 0-0 9. Bb3 d6 10. h3 Bd7 11. Re1 b5 12. f4 Nxd4 13. Bxd4 Bc6 14. Qd3 b4 15. Nd5 Bxd5 16. exd5 Rfe8 17. Kh2 Nd7 18. Bxg7 Kxg7 19. Re2 Nc5 20. Qd4+ f6 21. Rae1 Kf7 22. f5 Qc7 23. Qxb4 Rab8 24. Qh4 Kg7 25. fxg6 hxg6 26. Ba4 Nxa4 27. Qxa4 Kf7 28. b3 a5 29. Qe4 Rb7 30. Re3 Rh8 31. Rg3 Rh6 32. Qe6+ Kf8 33. Re4 Rb4 34. Rgg4 Rxe4 35. Rxe4 Rh5 36. Rc4 Qb7 37. Rc8+ Kg7 38. Rg8+ Kh6 39. Rh8+ Kg5 40. Qg4# 1-0

[Event "EU-ch U16 19th"]
[Site "Fermo"]
[Date "2009.09.01"]
[Round "2"]
[White "Martinho, Filipe Mesquita Alv"]
[Black "Rossi, Nicolo N"]
[Result "1-0"]
[WhiteElo "1973"]
[BlackElo "1721"]
[PlyCount "41"]
[EventDate "2009.08.31"]
[EventType "swiss"]
[EventRounds "9"]
[EventCountry "ITA"]
[SourceTitle "CBM 132 Extra"]
[Source "ChessBase"]
[SourceDate "2009.11.03"]
[SourceVersion "1"]
[SourceVersionDate "2009.11.03"]
[SourceQuality "1"]

1. e4 e5 2. Nf3 Nc6 3. Bb5 Bc5 4. 0-0 d6 5. c3 a6 6. Ba4 b5 7. Bb3 Nf6 8. d4 exd4 9. cxd4 Bb6 10. h3 0-0 11. Nc3 b4 12. Nd5 Nxe4 13. Nxb6 cxb6 14. Bd5 Nxf2 15. Rxf2 Bb7 16. Ng5 Qe7 17. Nxf7 Na5 18. Bg5 Qc7 19. Rc1 Qb8 20. Qf3 b5 21. Nd8+ 1-0

[Event "EU-ch U16 19th"]
[Site "Fermo"]
[Date "2009.08.31"]
[Round "1"]
[White "Hajbok, Robert"]
[Black "Martinho, Filipe Mesquita Alv"]
[Result "1-0"]
[WhiteElo "2274"]
[BlackElo "1973"]
[PlyCount "184"]
[EventDate "2009.08.31"]
[EventType "swiss"]
[EventRounds "9"]
[EventCountry "ITA"]
[SourceTitle "CBM 132 Extra"]
[Source "ChessBase"]
[SourceDate "2009.11.03"]
[SourceVersion "1"]
[SourceVersionDate "2009.11.03"]
[SourceQuality "1"]

1. d4 Nf6 2. c4 g6 3. Nc3 Bg7 4. e4 d6 5. Nf3 0-0 6. Be2 e5 7. 0-0 Nc6 8. d5 Ne7 9. Ne1 Ne8 10. Be3 f5 11. f3 f4 12. Bf2 g5 13. c5 Ng6 14. cxd6 cxd6 15. a4 h5 16. a5 Nf6 17. Nb5 g4 18. Bxa7 g3 19. Bb6 Qe7 20. Nc7 Nh7 21. Kh1 Rb8 22. Ne6 Bxe6 23. dxe6 Rbc8 24. Qd5 Kh8 25. a6 bxa6 26. Rd1 Rb8 27. Qxd6 Qh4 28. Bg1 Rxb2 29. Qxa6 Rd8 30. Rd7 Ngf8 31. Rxd8 Qxd8 32. Bc4 Ng5 33. Nd3 Rd2 34. Qb5 Nfxe6 35. Nxe5 Kh7 36. Nf7 Qf6 37. Nxg5+ Nxg5 38. Qf5+ Qxf5 39. exf5 Nh3 40. hxg3 fxg3 41. Be3 Nf2+ 42. Kg1 Rc2 43. Rc1 Rxc1+ 44. Bxc1 Bd4 45. Kf1 Kg7 46. Bg5 Bf6 47. Be3 h4 48. f4 Ng4 49. Bb6 Bb2 50. Ke2 Nf6 51. Kf3 Bc3 52. Bc7 Bd2 53. Be5 Bc1 54. Bd5 Bd2 55. Bc4 Bc1 56. Ke2 Ba3 57. Bd5 Bc1 58. Be6 Ba3 59. Kd3 Bc5 60. Bd5 Bd6 61. Bf3 Ba3 62. Kc4 Kf7 63. Kb5 Ke7 64. Kc6 Bb4 65. Be2 Ba3 66. Bd1 Bb4 67. Bd4 Ba3 68. Bc2 Bb4 69. Bb2 Bd6 70. Be5 Ba3 71. Bd1 Bb4 72. Bf3 Ba3 73. Kb7 Bb4 74. Kc8 Ba3 75. Bc6 Bb4 76. Bc7 Bd2 77. Bd8+ Kf7 78. Bc7 Ke7 79. Bb5 Be3 80. Bc6 Bd2 81. Bf3 Bc1 82. Kb7 Ba3 83. Kc6 Bb4 84. Bb6 Ba3 85. Ba5 Bd6 86. Bd8+ Kxd8 87. Kxd6 Nh5 88. Bxh5 h3 89. f6 h2 90. f7 Kc8 91. f8Q+ Kb7 92. Bf3+ Kb6 1-0

[Event "Figueira da Foz op 5th"]
[Site "Figueira da Foz"]
[Date "2008.12.06"]
[Round "8"]
[White "Dias, Paulo Jorge Guimara"]
[Black "Martinho, Filipe Mesquita Alv"]
[Result "1-0"]
[WhiteElo "2406"]
[BlackElo "1924"]
[PlyCount "76"]
[EventDate "2008.11.30"]
[EventType "swiss"]
[EventRounds "9"]
[EventCountry "POR"]
[SourceTitle "CBM 127 Extra"]
[Source "ChessBase"]
[SourceDate "2009.01.08"]
[SourceVersion "2"]
[SourceVersionDate "2009.01.28"]
[SourceQuality "1"]

1. d4 Nf6 2. c4 g6 3. Nc3 Bg7 4. e4 d6 5. f3 0-0 6. Be3 e5 7. Nge2 c6 8. Qd2 Nbd7 9. d5 cxd5 10. cxd5 a6 11. g4 b5 12. Ng3 Qa5 13. h4 b4 14. Nd1 Nc5 15. Bh6 Bxg4 16. Bxg7 Kxg7 17. fxg4 Nxg4 18. Bh3 Nf6 19. Bg2 Kh8 20. 0-0 Ng8 21. Ne3 Qd8 22. h5 Qh4 23. Rf3 Nf6 24. hxg6 fxg6 25. Raf1 Rfd8 26. Rxf6 Qxg3 27. R1f3 Qh4 28. Qf2 Qxf2+ 29. Rxf2 Nd3 30. Rc2 Nf4 31. Rc7 Rac8 32. Rxd6 Rxc7 33. Rxd8+ Kg7 34. d6 Rf7 35. Nd5 Ne2+ 36. Kh2 g5 37. d7 Kh6 38. Nf6 Rxf6 1-0

[Event "Figueira da Foz op 5th"]
[Site "Figueira da Foz"]
[Date "2008.11.30"]
[Round "1"]
[White "Martinho, Filipe Mesquita Alv"]
[Black "Petkov, Vladimir"]
[Result "0-1"]
[WhiteElo "1924"]
[BlackElo "2484"]
[PlyCount "68"]
[EventDate "2008.11.30"]
[EventType "swiss"]
[EventRounds "9"]
[EventCountry "POR"]
[SourceTitle "CBM 127 Extra"]
[Source "ChessBase"]
[SourceDate "2009.01.08"]
[SourceVersion "2"]
[SourceVersionDate "2009.01.28"]
[SourceQuality "1"]

1. d4 Nf6 2. Bg5 e6 3. e3 c5 4. c3 Nc6 5. Nf3 d5 6. Nbd2 Bd6 7. Bd3 h6 8. Bh4 Qe7 9. 0-0 Bd7 10. dxc5 Bxc5 11. e4 g5 12. Bg3 0-0-0 13. b4 Bb6 14. a4 Bc7 15. Bxc7 Kxc7 16. a5 g4 17. Nd4 Nxd4 18. cxd4 dxe4 19. Qc2+ Kb8 20. Nxe4 Nxe4 21. Bxe4 f5 22. Bd3 Bc6 23. b5 Bd5 24. b6 a6 25. Rfc1 Rc8 26. Qe2 Qd6 27. Qb2 Qf4 28. Bf1 h5 29. Rc5 h4 30. Rac1 Rcg8 31. Qe2 Qxd4 32. Rc7 g3 33. Rd1 gxf2+ 34. Kh1 h3 0-1

[Event "EU-ch U14 18th"]
[Site "Herceg Novi"]
[Date "2008.09.15"]
[Round "1"]
[White "Feher, Adam"]
[Black "Martinho, Filipe Mesquita Alv"]
[Result "1-0"]
[WhiteElo "2160"]
[BlackElo "1907"]
[PlyCount "59"]
[EventDate "2008.09.15"]
[EventType "swiss"]
[EventRounds "9"]
[EventCountry "MNE"]
[SourceTitle "CBM 126 Extra"]
[Source "ChessBase"]
[SourceDate "2008.11.05"]
[SourceVersion "1"]
[SourceVersionDate "2008.11.05"]
[SourceQuality "1"]

1. e4 c5 2. Nf3 Nc6 3. d4 cxd4 4. Nxd4 g6 5. c4 Bg7 6. Be3 d6 7. Nc3 Nh6 8. Be2 0-0 9. Qd2 Ng4 10. Bxg4 Bxg4 11. 0-0 Rc8 12. b3 Qa5 13. Rac1 Bd7 14. Rfd1 f5 15. exf5 gxf5 16. Nxc6 bxc6 17. Bh6 Qe5 18. Re1 Bxh6 19. Qxh6 Qf6 20. Qxf6 exf6 21. Red1 d5 22. cxd5 c5 23. Ne2 Rfe8 24. Nf4 Re4 25. g3 Kf7 26. f3 Re5 27. Rc3 Ke7 28. Kf2 Be8 29. Rdc1 Kd6 30. b4 1-0